To, Two, Too – Click Quiz - Statistics

General Stats
  • This quiz has been taken 40,519 times
  • The average score is 23 of 30
Answer Stats
Hint Answer % Correct
__ be or not __ be To
99%
1 + 1 Two
99%
A number Two
97%
I’m __ sexy for my shirt Too
96%
__ many cooks in the kitchen Too
94%
As well Too
92%
__ heads are better than one Two
90%
A bridge __ far Too
89%
In Roman, it’s II Two
87%
One of the World Wars Two
87%
__ err is human To
84%
That party was quite the __-do To
84%
The man drank one __ many Too
84%
Tango requirement Two
84%
C’est deux Two
83%
Lulu Song - __ Sir with Love To
79%
It’s company, not a crowd Two
79%
A bandwagoner might be called a me-__ Too
73%
Used in infinitive verb tense To
72%
Deuce Two
72%
An adverb Too
67%
What the second 2 in "2 Legit 2 Quit" should be To
64%
The Queen Elizabeth born in 1926 Two
58%
"__ wit" means "in other words" To
57%
Have your cake and eat it __ Too
55%
What the first 2 in "2 Legit 2 Quit" should be Too
53%
Can be a preposition To
51%
Pedants don’t end sentences with it To
50%
You will finish the quiz not a moment __ soon Too
49%
It's half of Dorothy's dog's name To
48%
No matching quizzes found
Score Distribution
Percent of People with Each Score
Percentile by Number Answered
Your Score History
You have not taken this quiz